| 000 | 00574cam a22002171 4500 | ||
|---|---|---|---|
| 001 | sa 65003594 | ||
| 003 | DLC | ||
| 005 | 20260227112124.0 | ||
| 008 | 951215s1964 io 000 0 ind | ||
| 010 | _asa 65003594 | ||
| 015 | _aPL480:Indo-1537 | ||
| 035 | _a(OCoLC)33928588 | ||
| 040 |
_aDLC _cWU _dDLC |
||
| 042 | _apremarc | ||
| 043 | _aa-io--- | ||
| 050 | 0 | 0 |
_aDS644 _b.2 1964.S8824 |
| 100 | 0 |
_aSoekarno, _d1901-1970. |
|
| 245 | 1 | 0 |
_aTahun "vivere pericoloso"; _bpidato 17 Agustus 1964. |
| 260 |
_aDjakarta, _bJajasan Pembaruan, _c1964. |
||
| 300 |
_a37 p. _c21 cm. |
||
| 999 |
_c63237 _d63237 |
||